000 00606nam a2200217Ii 4500
001 11939
003 CO-ViMGA
008 241108s9999||||xx |||||||||||||| ||und||
020 _a8438000525
040 _aCO-ViMGA
_bspa
_erda
_cCO-ViMGA
041 0 _aspa
082 0 4 _a624.1834 F385
100 1 _aRomán Ferreras
_951864
245 1 0 _aManual de Hormigón Armado
264 1 _aMadrid, España : Paraninfo, 1992
300 _avolumen
336 _atext
_btxt
_2rdacontent
337 _aunmediated
_bn
_2rdamedia
338 _avolume
_bnc
_2rdacarrier
940 _aidficha_siabuc: 11649. -- ficha_no_siabuc:11939
999 _c46624
_d46624